[Event "EU-chT Seniors 65"]
[Site "Dresden"]
[Date "2022.11.04"]
[Round "9.2"]
[White "Heinig, Wolfram"]
[Black "Brueggemann, Joachim"]
[Result "1/2-1/2"]
[WhiteElo "2204"]
[BlackElo "2310"]
[PlyCount "64"]
[EventDate "2022.10.27"]
[EventType "team-swiss"]
[EventRounds "9"]
[EventCountry "GER"]
[SourceTitle "EXT 2024"]
[Source "ChessBase"]
[SourceDate "2023.10.10"]
[SourceVersion "1"]
[SourceVersionDate "2023.10.10"]
[SourceQuality "1"]
[WhiteTeam "Germany 65 II"]
[BlackTeam "Germany 65"]
[WhiteTeamCountry "GER"]
[BlackTeamCountry "GER"]

1. d4 Nf6 2. Bg5 e6 3. e4 h6 4. Bxf6 Qxf6 5. c3 d5 6. Nd2 Qd8 7. Ngf3 Be7 8. Bd3 dxe4 9. Nxe4 Nd7 10. 0-0 0-0 11. Qe2 b6 12. Rad1 Bb7 13. Rfe1 Qc8 14. Ne5 a5 15. a4 Nxe5 16. dxe5 Rd8 17. Bc2 Rxd1 18. Rxd1 Qe8 19. Qg4 Rd8 20. Nf6+ Bxf6 21. exf6 Rxd1+ 22. Bxd1 g6 23. h4 Qd8 24. Bf3 Bc8 25. Qf4 Kh7 26. h5 Qd6 27. Qe4 e5 28. hxg6+ fxg6 29. Qa8 Be6 30. Qe8 Qd7 31. Qf8 Qf7 32. Qd8 Qd7 1/2-1/2

[Event "EU-chT Seniors 65"]
[Site "Dresden"]
[Date "2022.10.30"]
[Round "4.2"]
[White "Xheladini, Mahmut"]
[Black "Brueggemann, Joachim"]
[Result "1/2-1/2"]
[WhiteElo "2201"]
[BlackElo "2310"]
[PlyCount "71"]
[EventDate "2022.10.27"]
[EventType "team-swiss"]
[EventRounds "9"]
[EventCountry "GER"]
[SourceTitle "EXT 2024"]
[Source "ChessBase"]
[SourceDate "2023.10.10"]
[SourceVersion "1"]
[SourceVersionDate "2023.10.10"]
[SourceQuality "1"]
[WhiteTeam "Kosovo 65"]
[BlackTeam "Germany 65"]
[WhiteTeamCountry "KOS"]
[BlackTeamCountry "GER"]

1. e4 c5 2. Nc3 a6 3. a4 e6 4. Bc4 Nc6 5. Nf3 d6 6. 0-0 Nf6 7. Re1 Be7 8. d3 0-0 9. Ba2 Qc7 10. h3 Bd7 11. Be3 Rfd8 12. Ne2 b5 13. Bb1 Ne5 14. Nh2 bxa4 15. f4 Ng6 16. c3 Bc6 17. Ng3 Rab8 18. Bc1 e5 19. f5 Nf4 20. Ng4 d5 21. Qf3 dxe4 22. dxe4 Nxg4 23. Qxg4 c4 24. Bxf4 exf4 25. Nh5 g6 26. e5 Rxb2 27. Nxf4 Rdd2 28. Be4 a3 29. e6 Bc5+ 30. Kh1 Bxe4 31. Rxe4 a2 32. exf7+ Qxf7 33. fxg6 hxg6 34. Re6 Rd6 35. Ree1 Rdd2 36. Re6 1/2-1/2

[Event "BL2-Ost 1920"]
[Site "Germany"]
[Date "2021.08.08"]
[Round "10.8"]
[White "Brueggemann, Joachim"]
[Black "Tebelmann, Lars"]
[Result "1-0"]
[WhiteElo "2296"]
[BlackElo "2027"]
[PlyCount "111"]
[EventDate "2019.10.19"]
[EventType "team-tourn"]
[EventRounds "11"]
[EventCountry "GER"]
[SourceTitle "EXT 2023"]
[Source "ChessBase"]
[SourceDate "2022.10.05"]
[SourceVersion "1"]
[SourceVersionDate "2022.10.05"]
[SourceQuality "1"]
[WhiteTeam "Erfurt"]
[BlackTeam "Zugzwang MSA"]
[WhiteTeamCountry "GER"]
[BlackTeamCountry "GER"]

1. e4 e6 2. d4 d5 3. Nc3 Bb4 4. e5 c5 5. a3 Bxc3+ 6. bxc3 Qa5 7. Bd2 Qa4 8. Qb1 c4 9. h4 Ne7 10. h5 h6 11. g3 Nbc6 12. Bh3 Bd7 13. Ne2 0-0-0 14. Nf4 Rdf8 15. Qb2 Qa5 16. a4 Qc7 17. Qa3 g5 18. hxg6 Nxg6 19. Bg2 Nxf4 20. Bxf4 Qa5 21. Kf1 Qd8 22. Rxh6 Rxh6 23. Bxh6 Rg8 24. a5 Rg6 25. Bf4 Rg8 26. Ke2 Ne7 27. Rb1 Bc6 28. Qc5 Kb8 29. Bf3 Ka8 30. Bc1 Bd7 31. Bh5 Be8 32. Qd6 Qxd6 33. exd6 Nc6 34. a6 b6 35. d7 Bxd7 36. Bxf7 Rf8 37. Bh5 Bc8 38. Ba3 Rh8 39. Rh1 Bxa6 40. g4 Bc8 41. Re1 Bd7 42. Kf3 b5 43. Bc5 Kb7 44. Kf4 Kc7 45. Kg5 Rg8+ 46. Kf6 e5 47. dxe5 Bxg4 48. Bf7 Rd8 49. Rg1 Bf3 50. Rg7 Kb8 51. Rg3 Be4 52. f3 Bxc2 53. Bd6+ Kc8 54. Be6+ Kb7 55. Rg7+ Ka6 56. Bxd5 1-0

[Event "GER Cup Net V1 U2400"]
[Site "Playchess.com INT"]
[Date "2020.05.19"]
[Round "1"]
[White "Kuhn, Hubert"]
[Black "Brueggemann, Joachim"]
[Result "1-0"]
[WhiteElo "1783"]
[BlackElo "2028"]
[PlyCount "59"]
[EventDate "2020.05.19"]
[EventType "swiss (blitz)"]
[EventRounds "9"]
[EventCountry "GER"]
[SourceTitle "EXT 2021"]
[Source "ChessBase"]
[SourceDate "2020.10.23"]
[SourceVersion "1"]
[SourceVersionDate "2020.10.23"]
[SourceQuality "1"]

1. d4 Nf6 2. Nf3 e6 3. g3 d5 4. Bg2 Be7 5. 0-0 0-0 6. c4 c5 7. cxd5 exd5 8. Nc3 Nc6 9. Bg5 c4 10. Ne5 Be6 11. b3 Qa5 12. Rc1 Ba3 13. Rc2 Bf5 14. Bxf6 gxf6 15. e4 dxe4 16. Nxe4 fxe5 17. Rxc4 Nxd4 18. Ra4 Qb6 19. Rxa3 a5 20. Ra4 Rfd8 21. Qh5 Qg6 22. Qh4 b5 23. Rxd4 exd4 24. Nf6+ Kh8 25. Bxa8 Rxa8 26. Qxd4 Qg7 27. Qd5 Rd8 28. Qxf5 h6 29. Rc1 b4 30. Rc8 1-0

[Event "GER Cup Net V1 U2400"]
[Site "Playchess.com INT"]
[Date "2020.05.19"]
[Round "8"]
[White "Schulz, Michael4444"]
[Black "Brueggemann, Joachim"]
[Result "0-1"]
[WhiteElo "1987"]
[BlackElo "2028"]
[PlyCount "96"]
[EventDate "2020.05.19"]
[EventType "swiss (blitz)"]
[EventRounds "9"]
[EventCountry "GER"]
[SourceTitle "EXT 2021"]
[Source "ChessBase"]
[SourceDate "2020.10.23"]
[SourceVersion "1"]
[SourceVersionDate "2020.10.23"]
[SourceQuality "1"]

1. d4 Nf6 2. Bg5 e6 3. Nd2 h6 4. Bh4 d5 5. e3 Be7 6. Bd3 b6 7. Ngf3 Bb7 8. Ne5 0-0 9. 0-0 c5 10. c3 Nc6 11. f4 Nxe5 12. fxe5 Ne4 13. Bxe7 Qxe7 14. Bxe4 dxe4 15. Qg4 cxd4 16. exd4 Qg5 17. Qxg5 hxg5 18. Rae1 f5 19. exf6 Rxf6 20. Nxe4 Rxf1+ 21. Kxf1 g4 22. Kf2 Bd5 23. a3 a5 24. Kg3 a4 25. Kxg4 Ra5 26. Ng5 Rb5 27. Re2 Bc4 28. Rf2 e5 29. Rf5 Rxb2 30. Rxe5 Kf8 31. Kg3 Rb3 32. Ne6+ Kf7 33. Ng5+ Kf6 34. Ne4+ Kg6 35. h4 Rxa3 36. h5+ Kh6 37. Kh4 Ra1 38. Ng3 a3 39. Nf5+ Kh7 40. Re7 a2 41. Rxg7+ Kh8 42. Rc7 Rh1+ 43. Kg5 a1Q 44. Rc8+ Bg8 45. g4 Qc1+ 46. Kg6 Qf4 47. Nh6 Qd6+ 48. Kg5 Qe7+ 0-1

[Event "BL2-Ost 1920"]
[Site "Germany"]
[Date "2020.02.09"]
[Round "8.7"]
[White "Pulpan, Jakub"]
[Black "Brueggemann, Joachim"]
[Result "1/2-1/2"]
[WhiteElo "2414"]
[BlackElo "2296"]
[PlyCount "93"]
[EventDate "2019.10.19"]
[EventType "team-tourn"]
[EventRounds "11"]
[EventCountry "GER"]
[SourceTitle "CBM 194 Extra"]
[Source "ChessBase"]
[SourceDate "2020.03.31"]
[SourceVersion "1"]
[SourceVersionDate "2020.03.31"]
[SourceQuality "1"]
[WhiteTeam "Nickelhuette Aue"]
[BlackTeam "Erfurt"]
[WhiteTeamCountry "GER"]
[BlackTeamCountry "GER"]

1. e4 c5 2. Nf3 Nc6 3. Bb5 e6 4. 0-0 Nge7 5. Re1 a6 6. Bf1 d5 7. exd5 Nxd5 8. d4 cxd4 9. Nxd4 Be7 10. Nxc6 bxc6 11. c4 Nf6 12. Qf3 Bd7 13. Nc3 0-0 14. Bg5 Ne8 15. Bf4 f6 16. Rad1 e5 17. Bg3 Qc8 18. h3 Rb8 19. b3 Bb4 20. Ra1 a5 21. Red1 Be6 22. Qe3 Nd6 23. Na4 Nf5 24. Qf3 Be7 25. Bd3 Rd8 26. Bxf5 Rxd1+ 27. Rxd1 Bxf5 28. Qe3 g5 29. Nc5 Ra8 30. a3 Qc7 31. b4 axb4 32. axb4 Qc8 33. f3 Rb8 34. Be1 h5 35. Bc3 Kf7 36. Ne4 Qc7 37. Ra1 Be6 38. Qd3 Rd8 39. Qe3 Qd7 40. Ra7 Qd1+ 41. Kh2 Qd3 42. Qxd3 Rxd3 43. b5 cxb5 44. cxb5 Rd7 45. b6 Rxa7 46. bxa7 Bd5 47. Ba5 1/2-1/2

[Event "BL2-Ost 1819"]
[Site "Germany"]
[Date "2018.11.11"]
[Round "2.8"]
[White "Brueggemann, Joachim"]
[Black "Heimrath, Reiner"]
[Result "0-1"]
[WhiteElo "2304"]
[BlackElo "2262"]
[PlyCount "84"]
[EventDate "2018.11.10"]
[EventType "team-tourn"]
[EventRounds "10"]
[EventCountry "GER"]
[SourceTitle "CBM 190 Extra"]
[Source "ChessBase"]
[SourceDate "2019.07.15"]
[SourceVersion "1"]
[SourceVersionDate "2019.07.15"]
[SourceQuality "1"]
[WhiteTeam "Erfurt"]
[BlackTeam "Nuernberg NT"]
[WhiteTeamCountry "GER"]
[BlackTeamCountry "GER"]

1. e4 e5 2. Nf3 Nc6 3. Bb5 f5 4. d3 fxe4 5. dxe4 Nf6 6. 0-0 Bc5 7. Qd3 d6 8. Qc4 Bb6 9. Nc3 Bd7 10. Ng5 Qe7 11. Nd5 Nxd5 12. exd5 Nd8 13. Bxd7+ Qxd7 14. a4 a6 15. Be3 h6 16. Bxb6 cxb6 17. Ne4 Nf7 18. Qb4 Rc8 19. c4 0-0 20. Rac1 Qd8 21. Qa3 Rc7 22. Qe3 Rd7 23. Rc3 Qh4 24. Re1 Ng5 25. Nxg5 hxg5 26. Qxb6 g4 27. Rg3 Rf6 28. b3 Rdf7 29. Qd8+ Rf8 30. Qd7 Rxf2 31. Qxd6 R8f5 32. Qg6 R2f4 33. d6 Rh5 34. Qxh5 Qxh5 35. Rge3 Qf5 36. Rxe5 Rf1+ 37. Rxf1 Qxe5 38. h3 gxh3 39. d7 Qd4+ 40. Kh2 hxg2 41. Kxg2 Qxd7 42. Rf3 Qd4 0-1

[Event "WchT Seniors 50"]
[Site "Dresden"]
[Date "2018.07.15"]
[Round "9.4"]
[White "Sirotkina, Nina"]
[Black "Brueggemann, Joachim"]
[Result "1/2-1/2"]
[WhiteElo "2175"]
[BlackElo "2293"]
[PlyCount "56"]
[EventDate "2018.07.07"]
[EventType "team-swiss"]
[EventRounds "9"]
[EventCountry "GER"]
[SourceTitle "CBM 185 Extra"]
[Source "ChessBase"]
[SourceDate "2018.07.29"]
[SourceVersion "1"]
[SourceVersionDate "2018.07.29"]
[SourceQuality "1"]
[WhiteTeam "Russia (Women)"]
[BlackTeam "Thueringen"]
[WhiteTeamCountry "GER"]
[BlackTeamCountry "GER"]

1. d4 Nf6 2. Bf4 e6 3. e3 b6 4. Nf3 Bb7 5. Be2 Be7 6. h3 0-0 7. 0-0 d6 8. c4 Nbd7 9. Nc3 Ne4 10. Nxe4 Bxe4 11. Nd2 Bb7 12. Bf3 Bxf3 13. Nxf3 a5 14. Qe2 Qc8 15. Rfd1 Qb7 16. Rac1 Nf6 17. Bg5 Rfe8 18. Rc2 a4 19. Nd2 h6 20. Bh4 Ra5 21. e4 Nd7 22. Bxe7 Rxe7 23. Nb1 e5 24. d5 Nc5 25. Nc3 Ra8 26. Rcc1 Qc8 27. Qc2 Qd7 28. Ra1 Rf8 1/2-1/2

[Event "WchT Seniors 50"]
[Site "Dresden"]
[Date "2018.07.09"]
[Round "3.5"]
[White "Marwitz, Tino"]
[Black "Brueggemann, Joachim"]
[Result "0-1"]
[WhiteElo "2031"]
[BlackElo "2293"]
[PlyCount "106"]
[EventDate "2018.07.07"]
[EventType "team-swiss"]
[EventRounds "9"]
[EventCountry "GER"]
[SourceTitle "CBM 185 Extra"]
[Source "ChessBase"]
[SourceDate "2018.07.29"]
[SourceVersion "1"]
[SourceVersionDate "2018.07.29"]
[SourceQuality "1"]
[WhiteTeam "Potsdam Empor"]
[BlackTeam "Thueringen"]
[WhiteTeamCountry "GER"]
[BlackTeamCountry "GER"]

1. d4 Nf6 2. c4 e6 3. Nf3 Bb4+ 4. Nc3 d6 5. g3 0-0 6. Bg2 Qe7 7. 0-0 Bxc3 8. bxc3 e5 9. dxe5 dxe5 10. Qb3 Re8 11. Ba3 c5 12. e3 Na6 13. Rab1 Rb8 14. Qc2 Qe6 15. Rfd1 h6 16. Nd2 e4 17. Nb3 Qe5 18. Na5 Bg4 19. Rd2 Qc7 20. Nb3 b6 21. h3 Bh5 22. Nc1 Rbd8 23. Rxd8 Rxd8 24. Ne2 Bxe2 25. Qxe2 Qd7 26. Re1 Nb8 27. f3 Nc6 28. fxe4 Ne5 29. Bc1 Qa4 30. Rf1 Qxc4 31. Qxc4 Nxc4 32. e5 Nxe5 33. e4 Rd3 34. Bf4 Nfd7 35. h4 Rxc3 36. Rd1 Rd3 37. Rxd3 Nxd3 38. Bd2 Kf8 39. Kf1 Ke7 40. Ke2 N3e5 41. Bc3 Kd6 42. Bh3 Nb8 43. g4 g5 44. h5 Nbc6 45. Kd1 b5 46. Kc2 b4 47. Be1 Nd4+ 48. Kd1 a5 49. Bg3 c4 50. Bf1 c3 51. Ba6 f6 52. Bf2 Kc5 53. Bc8 c2+ 0-1

[Event "WchT Seniors 50"]
[Site "Dresden"]
[Date "2015.03.02"]
[Round "7.4"]
[White "Brueggemann, Joachim"]
[Black "Petran, Peter"]
[Result "1/2-1/2"]
[WhiteElo "2304"]
[BlackElo "2352"]
[PlyCount "112"]
[EventDate "2015.02.24"]
[EventType "team-swiss"]
[EventRounds "9"]
[EventCountry "GER"]
[SourceTitle "CBM 165 Extra"]
[Source "ChessBase"]
[SourceDate "2015.04.21"]
[SourceVersion "1"]
[SourceVersionDate "2015.04.21"]
[SourceQuality "1"]
[WhiteTeam "Thueringen"]
[BlackTeam "Slovakia"]
[WhiteTeamCountry "GER"]
[BlackTeamCountry "SVK"]

1. e4 g6 2. d4 Bg7 3. Nc3 c6 4. Nf3 b5 5. a4 b4 6. Na2 a5 7. c3 bxc3 8. bxc3 d5 9. e5 Ba6 10. Bxa6 Nxa6 11. Ba3 e6 12. Nc1 Bf8 13. Bxf8 Kxf8 14. Nd3 Kg7 15. Rb1 Qc7 16. 0-0 Ne7 17. Qd2 Rhb8 18. h4 h5 19. Qg5 Ng8 20. Nf4 Kf8 21. g4 hxg4 22. Qxg4 Qe7 23. h5 Nh6 24. Qg2 gxh5 25. Nxh5 Ke8 26. Nf6+ Kd8 27. Qh3 Nf5 28. Ng5 Kc7 29. Rxb8 Rxb8 30. Qh7 Rb3 31. Rc1 Nb8 32. Nxf7 Nd7 33. Ng5 Nf8 34. Nxe6+ Nxe6 35. Qxf5 Qg7+ 36. Kf1 Qh6 37. Qh7+ Qxh7 38. Nxh7 Nf4 39. Nf6 Ra3 40. f3 Rxa4 41. Rc2 c5 42. Kf2 Kc6 43. Ke3 Ne6 44. dxc5 Kxc5 45. Rd2 d4+ 46. cxd4+ Rxd4 47. Rc2+ Kb5 48. Ne4 Rb4 49. f4 Rb3+ 50. Rc3 Rxc3+ 51. Nxc3+ Kc4 52. Na4 Kd5 53. Nb2 Nd4 54. Nd1 Nc6 55. Nc3+ Kc4 56. Ne4 a4 1/2-1/2

[Event "BL2-Ost 1415"]
[Site "Germany"]
[Date "2015.02.21"]
[Round "9.8"]
[White "Brueggemann, Joachim"]
[Black "Prediger, Rupert"]
[Result "1/2-1/2"]
[WhiteElo "2304"]
[BlackElo "2266"]
[PlyCount "46"]
[EventDate "2014.10.18"]
[EventType "team-tourn"]
[EventRounds "10"]
[EventCountry "GER"]
[SourceTitle "CBM 166 Extra"]
[Source "ChessBase"]
[SourceDate "2015.06.18"]
[SourceVersion "1"]
[SourceVersionDate "2015.06.18"]
[SourceQuality "1"]
[WhiteTeam "Erfurt"]
[BlackTeam "Rosenheim Pang"]
[WhiteTeamCountry "GER"]
[BlackTeamCountry "GER"]

1. e4 c5 2. Nf3 d6 3. d4 cxd4 4. Nxd4 Nf6 5. Nc3 a6 6. Bg5 e6 7. f4 Nbd7 8. Qf3 h6 9. Bh4 Be7 10. Be2 Qc7 11. Bd3 Nc5 12. 0-0 b5 13. e5 Bb7 14. Qg3 dxe5 15. fxe5 Nh5 16. Qg4 Nxd3 17. Nxe6 Qxe5 18. Rae1 Nxe1 19. Rxe1 Qxe1+ 20. Bxe1 fxe6 21. Qxh5+ Kd7 22. Qd1+ Ke8 23. Qh5+ Kd7 1/2-1/2

[Event "BL2-Ost 1415"]
[Site "Germany"]
[Date "2015.02.01"]
[Round "8.7"]
[White "Loew, Gerald"]
[Black "Brueggemann, Joachim"]
[Result "0-1"]
[WhiteElo "2206"]
[BlackElo "2304"]
[PlyCount "78"]
[EventDate "2014.10.18"]
[EventType "team-tourn"]
[EventRounds "10"]
[EventCountry "GER"]
[SourceTitle "CBM 166 Extra"]
[Source "ChessBase"]
[SourceDate "2015.06.18"]
[SourceVersion "1"]
[SourceVersionDate "2015.06.18"]
[SourceQuality "1"]
[WhiteTeam "Bindlach Aktionaer"]
[BlackTeam "Erfurt"]
[WhiteTeamCountry "GER"]
[BlackTeamCountry "GER"]

1. c4 c5 2. g3 Nc6 3. Bg2 g6 4. Nc3 Bg7 5. a3 d6 6. Rb1 Bf5 7. d3 Qd7 8. Bd2 Nf6 9. b4 0-0 10. Nf3 Bh3 11. 0-0 Bxg2 12. Kxg2 b6 13. h3 Rac8 14. Qb3 e6 15. Rfc1 h6 16. Nb5 Ne8 17. Bc3 e5 18. Ba1 f5 19. e3 Qf7 20. Rc2 g5 21. Nc3 Nf6 22. Nd5 Nxd5 23. cxd5 Ne7 24. bxc5 bxc5 25. e4 fxe4 26. Ne1 exd3 27. Qxd3 Rb8 28. Rd1 Qf5 29. Qa6 Qd7 30. Bc3 Rb6 31. Qc4 Qb5 32. Qxb5 Rxb5 33. Nf3 e4 34. Ne1 Bxc3 35. Rxc3 Rf5 36. Re3 Nxd5 37. Rxe4 Nc3 38. g4 Rf6 39. a4 Rb8 0-1

[Event "Friedrichroda op 18th"]
[Site "Friedrichroda"]
[Date "2014.08.14"]
[Round "2"]
[White "Roemer, Torsten"]
[Black "Brueggemann, Joachim"]
[Result "1-0"]
[WhiteElo "1996"]
[BlackElo "2319"]
[PlyCount "102"]
[EventDate "2014.08.13"]
[EventType "swiss"]
[EventRounds "7"]
[EventCountry "GER"]
[SourceTitle "CBM 162 Extra"]
[Source "ChessBase"]
[SourceDate "2014.10.17"]
[SourceVersion "1"]
[SourceVersionDate "2014.10.17"]
[SourceQuality "1"]

1. d4 Nf6 2. c4 e6 3. Nf3 Bb4+ 4. Bd2 Qe7 5. g3 Bxd2+ 6. Nbxd2 d6 7. Bg2 0-0 8. 0-0 e5 9. e4 c5 10. d5 Na6 11. a3 Rb8 12. Qc2 Ne8 13. Ne1 b5 14. cxb5 Rxb5 15. Nc4 Bd7 16. f4 f6 17. Rd1 Rb8 18. Na5 Nac7 19. a4 Na6 20. b3 Nb4 21. Qc3 Qd8 22. Nc4 Qe7 23. Rf2 g6 24. Rdd2 Ng7 25. Rde2 Bc8 26. Qe3 Ba6 27. fxe5 fxe5 28. Bh3 Bxc4 29. bxc4 Na6 30. Nf3 Nc7 31. Qh6 Nh5 32. Ng5 Qg7 33. Rxf8+ Rxf8 34. Qxg7+ Kxg7 35. Rb2 Kh6 36. Ne6 Rf7 37. Rb7 Nxe6 38. Rxf7 Ng5 39. Rd7 Nxh3+ 40. Kg2 Ng5 41. Rxd6 Nxe4 42. Re6 Ng7 43. Rxe5 Nd6 44. Re7 Ngf5 45. Rxa7 Nxc4 46. Rc7 Nce3+ 47. Kg1 Nxd5 48. Rxc5 Nb4 49. a5 Nd4 50. Rc4 Nbc6 51. a6 Kg5 1-0

[Event "Erfurt op MT 23rd"]
[Site "Erfurt"]
[Date "2013.12.28"]
[Round "5"]
[White "Schoene, Maria"]
[Black "Brueggemann, Joachim"]
[Result "1-0"]
[WhiteElo "2223"]
[BlackElo "2329"]
[PlyCount "133"]
[EventDate "2013.12.26"]
[EventType "swiss"]
[EventRounds "8"]
[EventCountry "GER"]
[SourceTitle "EXT 2016"]
[Source "ChessBase"]
[SourceDate "2015.10.08"]
[SourceVersion "1"]
[SourceVersionDate "2015.10.08"]
[SourceQuality "1"]

1. e4 g6 2. d4 Bg7 3. Nc3 d6 4. Be3 c6 5. f4 b5 6. Bd3 Nd7 7. a3 a6 8. Nf3 c5 9. e5 Bb7 10. 0-0 c4 11. Be4 Bxe4 12. Nxe4 d5 13. Nc5 Nh6 14. h3 Nf5 15. Bf2 Nxc5 16. dxc5 e6 17. b4 Qd7 18. c3 Ne7 19. a4 0-0 20. Qc2 Nc6 21. Ra2 f6 22. Rfa1 Rac8 23. axb5 axb5 24. Qe2 fxe5 25. Nxe5 Bxe5 26. fxe5 Qg7 27. Bg3 h5 28. Ra6 Qh6 29. Rb6 Qg5 30. Qe1 Rc7 31. Raa6 Rfc8 32. Bh4 Qf5 33. Rxb5 d4 34. cxd4 Nxd4 35. Rbb6 Rf7 36. Bf6 c3 37. Rd6 Qf4 38. Qf2 c2 39. Qxf4 Ne2+ 40. Kf2 Nxf4 41. Ra1 Nd5 42. Rc1 Nxb4 43. Rd4 Nd5 44. Rxc2 Nxf6 45. exf6 Rxf6+ 46. Ke3 Rf7 47. Rd6 Rf5 48. c6 Kf7 49. Rd7+ Kf6 50. Ke4 Ra5 51. c7 Ra4+ 52. Kd3 h4 53. Rc6 Ra7 54. Kc4 Ra5 55. Rd8 Raa8 56. Rxc8 Rxc8 57. Kc5 Kf5 58. Kb6 g5 59. Kb7 Re8 60. c8Q Rxc8 61. Rxc8 e5 62. Rf8+ Ke4 63. Kc6 Kd4 64. Rd8+ Ke3 65. Kd5 Kf2 66. Kxe5 Kxg2 67. Rd3 1-0

[Event "BL2-Ost 1213"]
[Site "Germany"]
[Date "2012.11.11"]
[Round "2.8"]
[White "Brueggemann, Joachim"]
[Black "Stips, Felix"]
[Result "0-1"]
[WhiteElo "2344"]
[BlackElo "2221"]
[PlyCount "86"]
[EventDate "2012.10.14"]
[EventType "team-tourn"]
[EventRounds "9"]
[EventCountry "GER"]
[SourceTitle "CBM 154 Extra"]
[Source "ChessBase"]
[SourceDate "2013.06.25"]
[SourceVersion "2"]
[SourceVersionDate "2013.06.25"]
[SourceQuality "1"]
[WhiteTeam "Erfurt"]
[BlackTeam "Bindlach"]
[WhiteTeamCountry "GER"]
[BlackTeamCountry "GER"]

1. e4 d5 2. exd5 Qxd5 3. Nc3 Qd8 4. d4 Nf6 5. Bc4 a6 6. Nf3 b5 7. Bb3 c5 8. a4 c4 9. Ba2 Qb6 10. Qe2 e6 11. 0-0 Bb7 12. Bf4 Be7 13. axb5 axb5 14. Nxb5 Qxb5 15. Bxc4 Qb6 16. Bb5+ Nc6 17. c4 0-0 18. d5 Nd4 19. Nxd4 Qxd4 20. Be3 Qe4 21. f3 Qe5 22. Qf2 exd5 23. Bd4 Qc7 24. c5 Bc6 25. Bd3 Rxa1 26. Rxa1 Rb8 27. Qe3 Re8 28. Qd2 Qb7 29. b4 Bb5 30. Bc2 Nd7 31. Re1 Nf8 32. Be5 Ng6 33. Bc3 Bf8 34. Rxe8 Bxe8 35. Bd3 Bb5 36. Bxb5 Qxb5 37. Qxd5 Nf4 38. Qd2 Qc4 39. Be5 Nd5 40. Bd6 Bxd6 41. cxd6 Qxb4 42. d7 Qe7 43. Qa5 Nb6 0-1

[Event "BL2-Ost 1011"]
[Site "Germany"]
[Date "2010.10.24"]
[Round "2.6"]
[White "Brueggemann, Joachim"]
[Black "Reich, Thomas"]
[Result "1-0"]
[WhiteElo "2353"]
[BlackElo "2350"]
[PlyCount "143"]
[EventDate "2010.10.10"]
[EventType "team-tourn"]
[EventRounds "9"]
[EventCountry "GER"]
[SourceTitle "EXT 2012"]
[Source "ChessBase"]
[SourceDate "2011.11.24"]
[SourceVersion "1"]
[SourceVersionDate "2011.11.24"]
[SourceQuality "1"]
[WhiteTeam "Erfurt SK"]
[BlackTeam "Bayern Muenchen II"]
[WhiteTeamCountry "GER"]
[BlackTeamCountry "GER"]

1. e4 c5 2. Nf3 g6 3. d4 cxd4 4. Nxd4 Bg7 5. Nc3 Nc6 6. Be3 Nf6 7. Bc4 0-0 8. Bb3 d6 9. f3 Bd7 10. Qd2 Rc8 11. h4 Ne5 12. Bh6 Bxh6 13. Qxh6 Rxc3 14. bxc3 Qa5 15. Qd2 Rc8 16. Ne2 Bb5 17. c4 Qxd2+ 18. Kxd2 Nxc4+ 19. Bxc4 Bxc4 20. Nf4 e5 21. Nd3 Kf8 22. Rhb1 Rc7 23. a4 a5 24. Ra3 Ba6 25. Rc3 Rxc3 26. Kxc3 Ke7 27. Nb2 d5 28. exd5 Nxd5+ 29. Kd2 Kd6 30. c4 Nf4 31. g3 Ne6 32. Rd1 b6 33. Ke3+ Kc6 34. f4 exf4+ 35. gxf4 Ng7 36. Rd8 Nf5+ 37. Ke4 Nxh4 38. Rh8 h5 39. Nd3 Nf5 40. Ne5+ Kc5 41. Nxf7 Bxc4 42. Ne5 Bb3 43. Nxg6 Nd6+ 44. Kd3 Kd5 45. Rxh5+ Ke6 46. Re5+ Kf7 47. Ne7 Bxa4 48. Nd5 Nc8 49. Kd4 Bb3 50. Nxb6 Ne7 51. Kc3 a4 52. Ra5 Ke6 53. Kd3 Nc6 54. Ra8 Nb4+ 55. Ke4 Bc2+ 56. Kf3 Kf5 57. Ra5+ Kf6 58. Nxa4 Bd1+ 59. Kg3 Be2 60. Nc3 Bd3 61. Nd5+ Nxd5 62. Rxd5 Be2 63. Rc5 Kg6 64. Kf2 Bd3 65. Ke3 Bb1 66. Rc1 Bf5 67. Kd4 Kf6 68. Rc6+ Be6 69. Ke4 Kf7 70. Ke5 Ba2 71. Rc7+ Kg6 72. f5+ 1-0

[Event "Oberliga Ost-B 0910"]
[Site "Germany"]
[Date "2010.03.21"]
[Round "9.1"]
[White "Brueggemann, Joachim"]
[Black "Knickel, Aaron"]
[Result "0-1"]
[WhiteElo "2356"]
[BlackElo "2111"]
[PlyCount "80"]
[EventDate "2009.10.18"]
[EventType "team-tourn"]
[EventRounds "11"]
[EventCountry "GER"]
[SourceTitle "EXT 2011"]
[Source "ChessBase"]
[SourceDate "2010.11.26"]
[SourceVersion "1"]
[SourceVersionDate "2010.11.26"]
[SourceQuality "1"]
[WhiteTeam "Erfurt SK II"]
[BlackTeam "Neuberg"]
[WhiteTeamCountry "GER"]
[BlackTeamCountry "GER"]

1. e4 g6 2. d4 d6 3. Nc3 Bg7 4. Be3 a6 5. a4 Nd7 6. Qd2 b6 7. Nge2 Bb7 8. g3 c5 9. Bg2 cxd4 10. Bxd4 Ngf6 11. 0-0 Rb8 12. Rad1 0-0 13. Nd5 e5 14. Be3 Nxd5 15. exd5 Nc5 16. Nc3 Qc7 17. Rfe1 Bc8 18. Rc1 Bd7 19. b3 b5 20. axb5 axb5 21. Na2 Na6 22. Nb4 Nxb4 23. Qxb4 Rfc8 24. Bf1 f5 25. Ra1 e4 26. Ra7 Bc3 27. Qa3 Rb7 28. Rxb7 Qxb7 29. Rd1 b4 30. Qc1 Ra8 31. Bd4 Ra1 32. Qxa1 Bxa1 33. Rxa1 Bb5 34. Ra7 Qxd5 35. Rg7+ Kf8 36. Bxb5 Qxd4 37. Rxh7 Qd1+ 38. Bf1 Qxc2 39. Rd7 Qxb3 40. Rxd6 Qc2 0-1

[Event "Oberliga Ost-B 0910"]
[Site "Germany"]
[Date "2009.10.18"]
[Round "1.2"]
[White "Telljohann, Sven"]
[Black "Brueggemann, Joachim"]
[Result "1/2-1/2"]
[WhiteElo "2403"]
[BlackElo "2356"]
[PlyCount "59"]
[EventDate "2009.10.18"]
[EventType "team-tourn"]
[EventRounds "11"]
[EventCountry "GER"]
[SourceTitle "EXT 2011"]
[Source "ChessBase"]
[SourceDate "2010.11.26"]
[SourceVersion "1"]
[SourceVersionDate "2010.11.26"]
[SourceQuality "1"]
[WhiteTeam "Schoeneck"]
[BlackTeam "Erfurt SK II"]
[WhiteTeamCountry "GER"]
[BlackTeamCountry "GER"]

1. Nf3 Nf6 2. c4 g6 3. b3 Bg7 4. Bb2 0-0 5. e3 d6 6. Be2 e5 7. 0-0 Re8 8. d3 Nbd7 9. b4 d5 10. cxd5 Nxd5 11. Qb3 N7b6 12. a3 Be6 13. Qc2 Bd7 14. d4 Ba4 15. Qd2 e4 16. Ne5 a6 17. Nc4 Nxc4 18. Bxc4 Bb5 19. Qc2 Bxc4 20. Qxc4 Qd7 21. Rc1 Bf8 22. Nd2 Rad8 23. Nb3 Qg4 24. Na5 b5 25. Qb3 Qe6 26. Rc6 Rd6 27. Rc2 Rb6 28. Rac1 h5 29. Rc6 Bd6 30. Qc2 1/2-1/2